00326nam a2200121Ia 4500008004100000082001500041100001700056245006600073250000800139260002900147300000900176650001900185191201s2020 xx 000 0 und d a615.14 KHL aKHAR, Roop.K 0aLachman/Liebermans Theory and Practice of Industrial Pharmacy a4th bCBS PubaNew Delhic2020 a1203 aPharmaceutics